000 00756nam a2200241Ii 4500
003 JO-AjNU
008 230605s9999||||xx |||||||||||||| ||und||
017 _a2012/11/4103
020 _a978-9957-49-049-2
040 _aJO-AjNU
_bara
_erda
_cJO-AjNU
041 _aara
050 1 4 _aPJ7860 2013
100 3 _aالصمادي، خالد عبد الرحيم,
_eauthor
_949142
245 0 0 _aنفح البردة
250 _aط1
264 3 1 _aعمان: وزارة الثقافة، 2013
300 _a83ص
336 _atext
_btxt
_2rdacontent
337 _aunmediated
_bn
_2rdamedia
338 _avolume
_bnc
_2rdacarrier
490 0 _aاصدارات عجلون مدينة الثقافة 2013
650 4 _aالشعر العربي - الاردن
_949143
999 _aA21566
_c25134
_d25134